000
00287nam a22001217a 4500
008
170804b xxu||||| |||| 00| 0 eng d
041
_a
eng
080
_a
004
100
_a
33
101
_a
SHK
245
_a
COMPUTER STRUCTURES: PRINCIPLES AND EXAMPLES
_c
SIEWIOREK,D.P
942
_2
udc
_c
BK
999
_c
22658
_d
22658